000 00483nam a2200157Ia 4500
005 20250424120237.0
008 250424s9999 xx 000 0 und d
022 _aHG 28 .F83/
050 _aFUDMA Journal of Business Management
245 0 _aKatsina State, Nigeria
260 _aFederal University Katsina
260 _b2020
260 _cvi, 206 p. :ill. ; 26 cm.
300 _aIndustrial management--Periodicals. Organizational change--Management--Periodicals.
650 _aSR
999 _c38206
_d38206